000 00391nam a2200157Ia 4500
005 20140403084808.0
008 140130s9999 xx 000 0 und d
050 _aPZ 7
_b.R13455Li 2005
245 _cRallison, Janette
_aLife, love, and the pursuit of free throws
260 _bScholastic,
_c2004
440 _v1
521 _aG6
526 _c800
942 _cBK
_2lcc
999 _c41157
_d41157